Responses for show #7715 - Friday, March 9, 2018

Contestants

[<< previous game]

Mark Ashton, a software engineer from Elmhurst, Illinois

Megan Durazo, a librarian from Playa Del Rey, California

Lane Flynn, a business owner from Atlanta, Georgia (whose 2-day cash winnings total $38,399)

[next game >>]

Jeopardy! Round responses

AROUND THE CATHEDRAL
OUR SOLAR SYSTEM
CHESS PIECES IN DISGUISE
INTO THE "WOOD"S
BRITAIN'S INDUSTRIAL REVOLUTION
THE FLINTSTONES
    $200 16
the crucifixion

Mark
    $200 1
periods (or months)

Lane
    $200 20
king

Lane
    $200 6
knock on wood

Megan
    $200 11
a locomotive

Lane
    $200 26
yabba dabba do

Mark
    $400 17
a chapel

Mark
    $400 2
a Trojan

Lane
    $400 21
pawn

Lane
    $400 7
Woodstock

Lane
    $400 12
children

Mark
    $400 27
Dino

Megan
    $2,800 18
the altar

Mark
    $600 3
(Mark: What is Mercury?)

Venus

LaneMark
    $600 22
a Knight

Mark
    $600 8
Deadwood

Megan
    $600 13
M, A, N and U

Mark
    $600 28
(Mel) Blanc

Mark
    $800 19
holy water

Lane
    $800 4
(Lane: What is a solstice?)
(Megan: What is a solar eclipse?)

the autumnal equinox

LaneMegan
Triple Stumper
    $800 24
rook

Lane
    $800 9
a woodchuck

Lane
    $800 14
shoddy

Mark
    $800 29
Bedrock

Mark
    $1000 23
a vestry

Triple Stumper
    $1000 5
Titan

Lane
    $1000 25
(Megan: Who is Bishop?)

Ellery Queen

Megan
Triple Stumper
    $1000 10
a woodshed

Lane
    $1000 15
Bessemer

Mark
    $1000 30
Bamm-Bamm

Lane

Scores at the first commercial break (after clue 15):

Lane Megan Mark
$3,800 $0 $2,200

Scores at the end of the Jeopardy! Round:

Lane Megan Mark
$7,000 -$600 $7,800

Double Jeopardy! Round responses

JEEPARDY
MEDICAL SPECIALTIES
SNAKES ON A BOOK
FOREIGN PHRASES
TAKE ME TO YOUR LEADER
ENTER-TEEN-MENT
    $400 3
November 11th

Megan
    $400 16
a dermatologist

Mark
    $400 18
Paradise Lost

Mark
    $400 1
la dolce vita

Mark
    $400 11
Jerusalem

Lane
    $400 24
Minions

Lane
    $800 7
MacArthur

Lane
    $800 19
neonatology

Mark
    $800 22
Voldemort

Mark
    $800 2
Caramba

Lane
    $6,000 12
Tunisia

Lane
    $800 25
Jessica Biel

Megan
    $1200 8
a Purple Heart

Lane
    $1200 20
rheumatology

Mark
    $1200 23
an adder

Lane
    $1200 4
to encourage the others

Mark
    $1200 13
South Korea

Lane
    $1200 26
"Versace On The Floor"

Megan
    $1600 9
(Lane: What is a tractor?)

a horse

Lane
Triple Stumper
    $1600 21
pulmonology

Mark
    $1600 29
The Metamorphoses

Mark
    $1600 5
Herren

Lane
    $1600 14
(Mark: What is the Ontario?)

Ottawa

Mark
Triple Stumper
    $1600 27
Kit Harington

Megan
    $2000 10
Willys

Lane
    $2000 17
an endodontist

Megan
    $2000 30
(Lane: Who is Shere Khan?)

Kaa

Lane
Triple Stumper
    $4,000 6
ex post facto

Lane
    $2000 15
the Élysée Palace

Triple Stumper
    $2000 28
Five Foot Two

Megan

Scores at the end of the Double Jeopardy! Round:

Lane Megan Mark
$23,000 $7,400 $14,600

[wagering suggestions for these scores]

Final Jeopardy! Round responses

BIG BUSINESS
(Alex: [To Megan] Steve Jobs, Steve Wozniak.)
MeganWhat is Apple?
$0
MarkWhat is Apple
$14,500
LaneWhat is Hewlett-Packard?
$8,399
Apple

Final scores:

Lane Megan Mark
$14,601 $7,400 $29,100
2nd place: $2,000 3rd place: $1,000 New champion: $29,100

Game dynamics:

Coryat scores:

Lane Megan Mark
$15,800 $7,400 $12,400
24 R
(including 2 DDs),
3 W
9 R,
2 W
20 R
(including 1 DD),
2 W

Combined Coryat: $35,600

The J! Archive is created by fans, for fans. The Jeopardy! game show and all elements thereof, including but not limited to copyright and trademark thereto, are the property of Jeopardy Productions, Inc. and are protected under law. This website is not affiliated with, sponsored by, or operated by Jeopardy Productions, Inc. Join the discussion at JBoard.tv.